[Event "EGY-chT"]
[Site "Egypt"]
[Date "2016.05.11"]
[Round "7.2"]
[White "Ragheb, Malak"]
[Black "Arnaoot, Tarek"]
[Result "0-1"]
[WhiteElo "2240"]
[BlackElo "2121"]
[PlyCount "82"]
[EventDate "2016.05.05"]
[EventType "team-tourn"]
[EventRounds "9"]
[EventCountry "EGY"]
[SourceTitle "CBM 172 Extra"]
[Source "ChessBase"]
[SourceDate "2016.06.21"]
[SourceVersion "1"]
[SourceVersionDate "2016.06.21"]
[SourceQuality "1"]
[WhiteTeam "El Rwad"]
[BlackTeam "Elsharkia Zagazig"]
[WhiteTeamCountry "EGY"]
[BlackTeamCountry "EGY"]

1. d4 d5 2. Nf3 Nf6 3. c4 e6 4. e3 c5 5. cxd5 exd5 6. Nc3 Nc6 7. h3 Bf5 8. dxc5 Bxc5 9. a3 0-0 10. b4 Bd6 11. Bb2 Rc8 12. Be2 Ne5 13. 0-0 Nc4 14. Qb3 Ne4 15. Nxe4 Bxe4 16. Rfc1 b5 17. Bd4 Bb8 18. Qa2 Re8 19. Nd2 Qd6 20. Nf1 Qg6 21. f3 Bf5 22. g4 h5 23. a4 a6 24. axb5 axb5 25. Qa6 Be6 26. Qxb5 hxg4 27. hxg4 f5 28. Bd3 Qh6 29. gxf5 Nd6 30. Qa6 Qg5+ 31. Kf2 Qh4+ 32. Ke2 Rxc1 33. Rxc1 Bxf5 34. Rc6 Qxd4 35. Bxf5 Nxf5 36. Re6 Qb2+ 37. Nd2 Rf8 38. Qb7 d4 39. Qd5 Kh8 40. f4 dxe3 41. Rxe3 Nxe3 0-1

[Event "EGY-chT"]
[Site "Egypt"]
[Date "2016.05.06"]
[Round "2.2"]
[White "Arnaoot, Tarek"]
[Black "Mohamed, Tarek"]
[Result "1/2-1/2"]
[WhiteElo "2121"]
[BlackElo "2205"]
[PlyCount "120"]
[EventDate "2016.05.05"]
[EventType "team-tourn"]
[EventRounds "9"]
[EventCountry "EGY"]
[SourceTitle "CBM 172 Extra"]
[Source "ChessBase"]
[SourceDate "2016.06.21"]
[SourceVersion "1"]
[SourceVersionDate "2016.06.21"]
[SourceQuality "1"]
[WhiteTeam "Elsharkia Zagazig"]
[BlackTeam "Mokawlon Aswan"]
[WhiteTeamCountry "EGY"]
[BlackTeamCountry "EGY"]

1. e4 c5 2. Nf3 d6 3. Bb5+ Nc6 4. c4 Bd7 5. Nc3 Nd4 6. Nxd4 cxd4 7. Bxd7+ Qxd7 8. Ne2 e5 9. d3 a5 10. 0-0 Ne7 11. f4 Nc6 12. Ng3 Be7 13. Nf5 Bf6 14. Qg4 g6 15. Nh6 Qxg4 16. Nxg4 Bg7 17. f5 h5 18. Nf2 f6 19. b3 Kf7 20. Bd2 b6 21. a3 Ne7 22. fxg6+ Nxg6 23. b4 Bh6 24. Bxh6 Rxh6 25. g3 Nf8 26. Nh3 Rg6 27. Kh1 h4 28. Rg1 Nd7 29. gxh4 Rh6 30. Raf1 axb4 31. axb4 Ra3 32. Nf2 Rxh4 33. Ra1 Rxa1 34. Rxa1 Rh8 35. Ra7 Ke6 36. Kg2 Rb8 37. b5 Rg8+ 38. Kf3 Rf8 39. Ke2 f5 40. exf5+ Rxf5 41. h3 Rh5 42. Ne4 Nc5 43. Nf2 d5 44. cxd5+ Kxd5 45. Re7 Ne6 46. Kf3 Rf5+ 47. Kg3 Nf4 48. h4 Nh5+ 49. Kg2 Rf4 50. Ne4 Rxh4 51. Rd7+ Ke6 52. Rd6+ Kf5 53. Nf2 Nf4+ 54. Kf3 Rh7 55. Rxb6 Nxd3 56. Nxd3 e4+ 57. Ke2 Rh2+ 58. Kd1 e3 59. Nc5 Rd2+ 60. Ke1 d3 1/2-1/2